[Event "PHI-ch U08"]
[Site "San Antonio"]
[Date "2014.04.25"]
[Round "8"]
[White "Clarito, Karlycris Jr"]
[Black "Dela Cruz, Del Emerson"]
[Result "0-1"]
[WhiteElo "1684"]
[BlackElo "1712"]
[PlyCount "140"]
[EventDate "2014.04.21"]
[EventType "swiss"]
[EventRounds "11"]
[EventCountry "PHI"]
[SourceTitle "CBM 160 Extra"]
[Source "ChessBase"]
[SourceDate "2014.07.01"]
[SourceVersion "1"]
[SourceVersionDate "2014.07.01"]
[SourceQuality "1"]

1. d3 e5 2. c3 Nf6 3. Qc2 Bc5 4. h3 Nc6 5. Nd2 d6 6. e4 0-0 7. Ngf3 Be6 8. Be2 Nh5 9. 0-0 Nf4 10. Re1 Qf6 11. Bf1 Qg6 12. Kh1 Bxf2 13. Rd1 Bxh3 14. gxh3 f5 15. Nb3 Qg3 16. Bxf4 Qxf3+ 17. Bg2 Qxf4 18. Rf1 fxe4 19. dxe4 Rf6 20. Rad1 Raf8 21. Rd2 Qg3 22. Qd3 Rf3 23. Rdxf2 Qxf2 24. Bxf3 Qg3 25. Be2 Rxf1+ 26. Bxf1 Qf2 27. Qe2 Qf4 28. Kg2 Qg5+ 29. Qg4 Qe3 30. Qf3 Qg5+ 31. Qg3 Qf6 32. Bb5 Nd8 33. Qg4 h6 34. Bd7 Kh7 35. Qf5+ Qg6+ 36. Qxg6+ Kxg6 37. Kf3 Kf6 38. Bb5 Ne6 39. h4 a6 40. Bc4 Nf4 41. Nc1 b5 42. Bf1 Kg6 43. Kg3 Nh5+ 44. Kf3 Nf6 45. Ne2 Kh5 46. Ng3+ Kxh4 47. Nf5+ Kh5 48. Nxg7+ Kg6 49. Nf5 d5 50. exd5 Kxf5 51. c4 e4+ 52. Ke3 Ng4+ 53. Ke2 bxc4 54. Kd2 e3+ 55. Ke1 h5 56. Bxc4 a5 57. a3 h4 58. Bf1 Nf2 59. b4 axb4 60. axb4 h3 61. b5 h2 62. Bg2 Nd3+ 63. Ke2 Nf4+ 64. Kf1 Nxg2 65. Kxg2 e2 66. d6 e1Q 67. Kxh2 cxd6 68. b6 Qb1 69. b7 Qxb7 70. Kh3 Qg7 0-1